<?xml version="1.0" encoding="UTF-8"?>
<record
    xmlns:xsi="http://www.w3.org/2001/XMLSchema-instance"
    xsi:schemaLocation="http://www.loc.gov/MARC21/slim http://www.loc.gov/standards/marcxml/schema/MARC21slim.xsd"
    xmlns="http://www.loc.gov/MARC21/slim">

  <leader>01779nam a22002897a 4500</leader>
  <controlfield tag="003">3228</controlfield>
  <controlfield tag="005">20250612131117.0</controlfield>
  <controlfield tag="008">230316b        sa ||||| |||| 00| 0 eng d</controlfield>
  <datafield tag="020" ind1=" " ind2=" ">
    <subfield code="a">9780627 029806</subfield>
    <subfield code="q">Paperback</subfield>
  </datafield>
  <datafield tag="040" ind1=" " ind2=" ">
    <subfield code="a">RDA</subfield>
    <subfield code="c">3228</subfield>
    <subfield code="b">ENGLISH</subfield>
  </datafield>
  <datafield tag="082" ind1=" " ind2=" ">
    <subfield code="a">351.68 THOR</subfield>
  </datafield>
  <datafield tag="100" ind1=" " ind2=" ">
    <subfield code="a">Thornhill, Chris</subfield>
    <subfield code="9">176947</subfield>
  </datafield>
  <datafield tag="245" ind1=" " ind2=" ">
    <subfield code="a">South African Public Administration and Management</subfield>
    <subfield code="c"> Chris Thornhill, Jacobus Johannes Nicolaas Cloete.</subfield>
  </datafield>
  <datafield tag="250" ind1=" " ind2=" ">
    <subfield code="a">10th revised edition.</subfield>
  </datafield>
  <datafield tag="260" ind1=" " ind2=" ">
    <subfield code="a">Pretoria:</subfield>
    <subfield code="b">Van Schaik,</subfield>
    <subfield code="c">2012:</subfield>
  </datafield>
  <datafield tag="300" ind1=" " ind2=" ">
    <subfield code="a">xv, 333 pages</subfield>
    <subfield code="b">Colour illustrations:</subfield>
    <subfield code="c"> 25 cm</subfield>
  </datafield>
  <datafield tag="500" ind1=" " ind2=" ">
    <subfield code="a">First ed. published under title: Introduction to public administration; 6th rev. ed. published under title: Public administration and management.</subfield>
  </datafield>
  <datafield tag="504" ind1=" " ind2=" ">
    <subfield code="a">Includes bibliographical references and index.</subfield>
  </datafield>
  <datafield tag="521" ind1=" " ind2=" ">
    <subfield code="a">Adult</subfield>
  </datafield>
  <datafield tag="650" ind1=" " ind2=" ">
    <subfield code="2">Constitutional foundations and institutions of the Republic of South Africa -- Legislative institutions and their functions -- Political executive (governmental) institutions and their functions -- Judicial institutions and their functions -- Administrative executive functions and ethics -- Policymaking and implementation or delivery functions -- Organising -- Financing -- Staffing or human resource management -- Procedure -- Control and rendering account -- Auxiliary functions -- Instrumental functions and requirements -- Functional activities or line functions.</subfield>
  </datafield>
  <datafield tag="651" ind1=" " ind2=" ">
    <subfield code="a">South Africa</subfield>
  </datafield>
  <datafield tag="654" ind1=" " ind2=" ">
    <subfield code="2">Public administration  South Africa</subfield>
  </datafield>
  <datafield tag="690" ind1=" " ind2=" ">
    <subfield code="2">779466914</subfield>
  </datafield>
  <datafield tag="700" ind1=" " ind2=" ">
    <subfield code="a">JJN Cloete, Lucille Burger and Chandre Blignaut, Werner von Gruenewaldt, Estian Behrens, Denise Fourie, Chrisna Nel, Kashan Advertising, Pretoria, Shumani Printers</subfield>
    <subfield code="9">176947</subfield>
  </datafield>
  <datafield tag="710" ind1=" " ind2=" ">
    <subfield code="a">Van Schaik</subfield>
    <subfield code="9">194178</subfield>
  </datafield>
  <datafield tag="942" ind1=" " ind2=" ">
    <subfield code="2">ddc</subfield>
    <subfield code="c">BOOK</subfield>
    <subfield code="e">10th revised edition.</subfield>
    <subfield code="y">12663</subfield>
    <subfield code="z">Priscilla Nozizwe Mogale</subfield>
  </datafield>
  <datafield tag="999" ind1=" " ind2=" ">
    <subfield code="c">746399</subfield>
    <subfield code="d">746398</subfield>
  </datafield>
  <datafield tag="952" ind1=" " ind2=" ">
    <subfield code="0">0</subfield>
    <subfield code="1">0</subfield>
    <subfield code="2">ddc</subfield>
    <subfield code="4">0</subfield>
    <subfield code="7">0</subfield>
    <subfield code="8">300</subfield>
    <subfield code="a">ERMEL</subfield>
    <subfield code="b">KHULL</subfield>
    <subfield code="c">Non_Fiction</subfield>
    <subfield code="d">2023-11-23</subfield>
    <subfield code="l">0</subfield>
    <subfield code="o">351.68 THOR</subfield>
    <subfield code="p">33228031005605</subfield>
    <subfield code="r">2023-11-23</subfield>
    <subfield code="w">2023-11-23</subfield>
    <subfield code="y">NEWS</subfield>
  </datafield>
  <datafield tag="952" ind1=" " ind2=" ">
    <subfield code="0">0</subfield>
    <subfield code="1">0</subfield>
    <subfield code="2">ddc</subfield>
    <subfield code="4">0</subfield>
    <subfield code="7">0</subfield>
    <subfield code="8">300</subfield>
    <subfield code="a">MKHUL</subfield>
    <subfield code="b">MKHUL</subfield>
    <subfield code="c">Non_Fiction</subfield>
    <subfield code="d">2025-06-12</subfield>
    <subfield code="l">0</subfield>
    <subfield code="o">351.68 THOR</subfield>
    <subfield code="p">33228 10028123</subfield>
    <subfield code="r">2025-06-12</subfield>
    <subfield code="w">2025-06-12</subfield>
    <subfield code="y">BOOK</subfield>
  </datafield>
</record>
